The wild goose chase : a novel.

Bibliographic Details
Main Author: Warner, Rex, 1905-1986
Format: Book
Language:English
Published: London : John Lane, [1944]

MARC

Tag First Indicator Second Indicator Subfields
LEADER 00000cam a2200000 4500
001 in00000025499
005 20151007062448.0
008 780413s1944 enk 00001 eng d
035 |a (OCoLC)03798438 
035 |9 AAD4957AM 
040 |a KEU  |c KEU  |d TXA  |d UtOrBLW 
049 |a TXAM  |c [472398] 
090 |a PR6045.A78  |b W50 
092 |a 823  |b W283w, 1944 
100 1 |a Warner, Rex,  |d 1905-1986. 
245 1 4 |a The wild goose chase :  |b a novel. 
264 1 |a London :  |b John Lane,  |c [1944] 
300 |a 442 pages ;  |c 23 cm. 
336 |a text  |b txt  |2 rdacontent 
337 |a unmediated  |b n  |2 rdamedia 
338 |a volume  |b nc  |2 rdacarrier 
999 |a MARS 
999 f f |s 7fabb04b-f9e4-3bf3-b29d-e6affc2d163a  |i 614ebf08-702a-3d11-b460-4ff01c1bc07d  |t 0 
952 f f |p normal  |a Texas A&M University  |b College Station  |c Sterling C. Evans Library  |d Evans: Library Stacks  |t 0  |e PR6045.A78 W50  |h Library of Congress classification  |i unmediated -- volume  |m A14801332813 
998 f f |a PR6045.A78 W50  |t 0  |l Evans: Library Stacks